Biggest Cities in each Risk Territory - Statistics

General Stats
  • This quiz has been taken 1,645 times
    434 since last reset
  • The average score is 118 of 210
Answer Stats
Group Population Answer % Correct
Iceland 232 k Reykjavík
93%
Alaska 396 k Anchorage
92%
India 31.3 m Delhi
89%
Scandinavia 1.21 m Oslo
89%
Scandinavia 2.25 m Stockholm
89%
Great Britain 14.8 m London
88%
Central America 24.5 m Mexico City
88%
India 25.6 m Mumbai
88%
Eastern United States 21.8 m New York City
88%
Western Europe 11.4 m Paris
87%
Japan 40.5 m Tokyo
87%
Ontario 7.65 m Toronto
87%
Northern Europe 4.75 m Berlin
86%
Scandinavia 1.32 m Helsinki
86%
Peru 11.1 m Lima
86%
Western United States 17.6 m Los Angeles
86%
Southern Europe 3.50 m Rome
86%
China 20.0 m Beijing
85%
Argentina 16.6 m Buenos Aires
85%
Egypt 21.5 m Cairo
85%
Ukraine 3.47 m Kyiv
85%
Western Europe 6.70 m Madrid
85%
Quebec 4.32 m Montreal
85%
Ukraine 14.7 m Moscow
85%
Brazil 13.3 m Rio de Janeiro
85%
Western United States 7.75 m San Francisco
85%
Brazil 22.6 m São Paulo
85%
Eastern United States 7.70 m Boston
83%
Alaska 31.9 k Juneau
83%
Great Britain 3.07 m Manchester
83%
Southern Europe 6.15 m Milan
83%
Japan 17.5 m Osaka
83%
Eastern Australia 5.40 m Sydney
83%
Indonesia 32.1 m Jakarta
82%
Western Australia 2.07 m Perth
82%
Ukraine 5.65 m Saint Petersburg
82%
Western United States 4.47 m Seattle
82%
China 34.1 m Shanghai
82%
Western Europe 4.87 m Barcelona
81%
Venezuela 3.77 m Caracas
81%
India 17.0 m Kolkata
81%
Eastern Australia 5.05 m Melbourne
81%
Alberta 2.90 m Vancouver
81%
Alberta 1.52 m Calgary
80%
South Africa 14.2 m Johannesburg
80%
Congo 13.9 m Kinshasa
80%
Eastern United States 7.35 m Philadelphia
80%
Middle East 15.5 m Tehran
80%
Egypt 5.95 m Alexandria
79%
Siam 19.4 m Bangkok
79%
Great Britain 3.15 m Birmingham
79%
South Africa 4.30 m Cape Town
79%
Alberta 1.37 m Edmonton
79%
Middle East 8.40 m Riyadh
79%
Eastern United States 8.55 m Washington, D.C.
79%
Middle East 5.70 m Amman / Dubai
78%
Venezuela 9.80 m Bogotá
78%
Brazil 4.05 m Brasília
78%
China 47.6 m Guangzhou
78%
Middle East 16.2 m Istanbul
78%
Southern Europe 4.15 m Naples
78%
Ontario | Quebec 1.29 m Ottawa/Gatineau
78%
Great Britain 1.88 m Liverpool
77%
Greenland 18.8 k Nuuk
77%
Eastern United States 9.65 m Chicago
76%
East Africa 6.45 m Dar es Salaam
76%
India 20.3 m Dhaka
76%
Northern Europe 2.87 m Hamburg
76%
Southern Europe 3.50 m Athens
75%
Middle East 7.15 m Baghdad
75%
Central America 5.55 m Guadalajara
75%
India 18.2 m Karachi
75%
North Africa 20.1 m Lagos
75%
East Africa 6.10 m Nairobi
75%
Western United States 4.80 m Phoenix
75%
East Africa 3.90 m Addis Ababa
74%
Eastern Australia 3.22 m Brisbane
74%
Siam 9.15 m Kuala Lumpur
74%
New Guinea 364 k Port Moresby
74%
Quebec 832 k Quebec City
74%
Siam 10.6 m Ho Chi Minh City
73%
Western Europe 2.50 m Lisbon
73%
Argentina 7.80 m Santiago
73%
Western Australia 1.36 m Adelaide
72%
Madagascar 2.75 m Antananarivo
72%
Great Britain 2.15 m Leeds
72%
Congo 2.35 m Brazzaville
71%
Scandinavia 655 k Gothenburg
71%
East Africa 6.50 m Khartoum
71%
Peru 2.77 m Quito
71%
Siam 7.90 m Singapore
71%
Central America 5.60 m Monterrey
70%
Venezuela 4.10 m Medellín
69%
Brazil 5.05 m Belo Horizonte
68%
Western United States 3.80 m Denver
68%
Alaska 96.8 k Fairbanks
68%
Japan 10.5 m Nagoya
68%
Japan 2.50 m Sapporo
68%
East Africa 2.00 m Mogadishu
67%
Argentina 1.87 m Montevideo
67%
South Africa 8.45 m Luanda
66%
Eastern Australia 432 k Canberra
65%
North Africa 4.55 m Casablanca
65%
Northern Europe 3.27 m Frankfurt
65%
Mongolia 25.0 m Seoul
65%
Afghanistan 3.30 m Tashkent
65%
Afghanistan 1.18 m Astana
64%
Indonesia 26.1 m Manila
64%
Northern Europe 2.72 m Brussels
63%
Egypt 1.29 m Tripoli
62%
North Africa 5.20 m Accra
61%
Ukraine 2.05 m Minsk
61%
China 13.2 m Tianjin
61%
Kamchatka 606 k Vladivostok
61%
South Africa 3.47 m Durban
60%
Western Europe 1.99 m Lyon
60%
Afghanistan 2.17 m Almaty
58%
Venezuela 2.90 m Cali
58%
Southern Europe 2.22 m Vienna
58%
Siam 5.75 m Yangon
58%
Ural 1.70 m Novosibirsk
57%
Afghanistan 1.12 m Bishkek
56%
Irkutsk 623 k Irkutsk
56%
Brazil 4.15 m Porto Alegre
56%
Argentina 1.68 m Córdoba
55%
Indonesia 6.15 m Surabaya
55%
Northwest Territory 22.2 k Yellowknife
55%
North Africa 5.75 m Abidjan
54%
Peru 3.20 m Guayaquil
54%
Congo 3.67 m Kampala
54%
North Africa 4.85 m Kano
54%
Yakutsk 322 k Yakutsk
54%
Ural 1.67 m Yekaterinburg
54%
China 10.2 m Xiamen
53%
Afghanistan 1.44 m Ashgabat
52%
Mongolia 4.07 m Busan
52%
South Africa 2.80 m Lusaka
52%
Northern Europe 3.27 m Rotterdam
52%
Northwest Territory 33.4 k Whitehorse
52%
Ontario 850 k Winnipeg
52%
Japan 2.75 m Fukuoka
50%
Peru 2.37 m Asunción
49%
Eastern Australia 600 k Gold Coast
49%
Mongolia 5.15 m Harbin
49%
Indonesia 7.05 m Bandung
48%
Ural 1.15 m Omsk
47%
Alberta 263 k Regina
47%
Argentina 1.38 m Rosario
47%
Alberta 336 k Saskatoon
47%
Ontario 804 k Hamilton
46%
Venezuela 2.67 m Maracaibo
46%
Central America 4.02 m Puebla
44%
Indonesia 4.07 m Medan
42%
Peru 2.17 m Santa Cruz
40%
Central America 4.00 m Santo Domingo
39%
Ural 1.40 m Chelyabinsk
38%
Quebec 448 k Halifax
38%
Siberia 1.12 m Krasnoyarsk
38%
Congo 2.45 m Lubumbashi
38%
Egypt 760 k Port Said
38%
Ukraine 2.62 m Baku
36%
Mongolia 8.10 m Shenyang
35%
Egypt 740 k Suez
35%
Scandinavia 341 k Tampere
35%
Mongolia 4.62 m Dalian
32%
Northwest Territory 8.2 k Iqaluit
28%
Congo 2.17 m Mbuji-Mayi
27%
Iceland 19.0 k Akureyri
25%
Alaska 7.0 k Sitka
25%
Ontario 593 k Kitchener (Tri-Cities)
24%
Kamchatka 616 k Khabarovsk
23%
Iceland 19.5 k Keflavík
22%
Irkutsk 439 k Ulan-Ude
21%
Kamchatka 179 k Petropavlovsk-Kamchatsky
19%
New Guinea 148 k Lae
18%
Alaska 13.9 k Ketchikan
17%
Irkutsk 351 k Chita
16%
Quebec 224 k Sherbrooke
15%
New Guinea 233 k Jayapura
13%
Kamchatka 200 k Yuzhno-Sakhalinsk
12%
Ural 632 k Barnaul
11%
Irkutsk 226 k Bratsk
8%
Western Australia 28.9 k Kalgoorlie-Boulder
7%
Siberia 556 k Kemerovo
7%
Madagascar 325 k Toamasina
7%
Iceland 7.7 k Akranes
6%
Northwest Territory 3.3 k Inuvik
6%
Kamchatka 244 k Komsomolsk-on-Amur
6%
Western Australia 75.1 k Bunbury
5%
Iceland 9.0 k Selfoss
5%
Siberia 186 k Abakan
4%
Irkutsk 226 k Blagoveshchensk
4%
Western Australia 37.2 k Geraldton
4%
Siberia 549 k Novokuznetsk
4%
Greenland 3.0 k Qaqortoq
4%
Greenland 5.6 k Sisimiut
4%
Greenland 3.0 k Aasiaat
3%
New Guinea 305 k Ambon
3%
Madagascar 246 k Antsirabe
3%
Madagascar 191 k Fianarantsoa
3%
Northwest Territory 3.5 k Hay River
3%
Greenland 4.7 k Ilulissat
3%
Madagascar 246 k Mahajanga
3%
Yakutsk 35.3 k Mirny
1%
Yakutsk 57.9 k Neryungri
1%
Siberia 190 k Prokopyevsk
1%
New Guinea 158 k Ternate
1%
Yakutsk 20.6 k Aldan
0%
Yakutsk 23.1 k Lensk
0%
No matching quizzes found
Score Distribution
Percent of People with Each Score
Percentile by Number Answered
Your Score History
You have not taken this quiz since the last reset